Movies by Explosion Quiz Stats

 Plays Quiz Updated Oct 10, 2015

Score 0/20 Timer 06:00
0 Plays Today
% Correct
Independence Day
94.2%
The Avengers
88.6%
The Dark Knight
88.4%
The Lego Movie
88.1%
Back to the Future
88%
Harry Potter and the Order of the Phoenix
86.6%
The Hurt Locker
70.4%
Saving Private Ryan
66.9%
Battleship
64.1%
Star Wars: Episode IV - A New Hope
61.9%
% Correct
The Lord of the Rings: The Two Towers
59.5%
Fight Club
59.4%
Apocalypse Now
55.3%
Transformers: Revenge of the Fallen
53.6%
Live Free or Die Hard
51.7%
Skyfall
50.8%
V for Vendetta
47.3%
From Dusk Till Dawn
44.8%
The Matrix
32.6%
2012
29.8%

You're not logged in!

Compare scores with friends on all Sporcle quizzes.
OR
Log In

Show Comments

Extras

Top Quizzes Today


Score Distribution

Your Account Isn't Verified!

In order to create a playlist on Sporcle, you need to verify the email address you used during registration. Go to your Sporcle Settings to finish the process.

Report this User

Report this user for behavior that violates our Community Guidelines.

Details: